Địa đàng ở phương Đông : Lịch sử huy hoàng của lục địa Đông Nam Á bị chìm /

Spremljeno u:
Bibliografski detalji
Glavni autor: Oppenheimer, Stephen
Daljnji autori: Hoàng Thị H (dịch), Lê Sỹ Giảng (dịch)
Format: Sách giấy
Jezik:Vietnamese
Izdano: H. : Lao động, 2005
Teme:
Oznake: Dodaj oznaku
Bez oznaka, Budi prvi tko označuje ovaj zapis!
Thư viện lưu trữ: Thư viện Trường Đại học Đà Lạt
LEADER 00902nam a2200325 4500
001 DLU050048377
005 ##20050901
040 # # |a DLU  |b vie 
041 # # |a vie 
044 # # |a vn 
082 # # |a 306.089 95  |b OP-S 
100 # # |a Oppenheimer, Stephen 
245 # # |a Địa đàng ở phương Đông :  |b Lịch sử huy hoàng của lục địa Đông Nam Á bị chìm /  |c Stephen Oppenheimer; Lê Sỹ Giảng, Hoàng Thị Hà dịch 
260 # # |a H. :  |b Lao động,  |c 2005 
300 # # |a 787 tr. ;  |c 21 cm 
653 # # |a Khảo cổ học 
653 # # |a Văn hoá cổ 
653 # # |a Văn minh 
700 # # |a Hoàng Thị Hà  |e dịch 
700 # # |a Lê Sỹ Giảng  |e dịch 
923 # # |a 32/2005 
992 # # |a 100.000 
994 # # |a DLU 
900 # # |a True 
911 # # |a Đào Thị Thu Huyền 
925 # # |a G 
926 # # |a A 
927 # # |a SH 
980 # # |a Thư viện Trường Đại học Đà Lạt